| 000 | 00501nmm a2200145Ia 4500 | ||
|---|---|---|---|
| 008 | 251105s9999||||xx |||||||||||||||||und|| | ||
| 041 | _aspa | ||
| 100 | _aOchoa Miranda, Marlybell | ||
| 245 | 0 |
_aGestión integral de residuos : _b Análisis normativo y herramientas para su implementación |
|
| 264 |
_a[Bogotá, Colombia] : _bUniversidad del Rosario, _c2018 |
||
| 300 | _a190 páginas | ||
| 650 | _aEnvironmental Sciences | ||
| 856 | _uhttps://public.digitaliapublishing.com/a/56198 | ||
| 942 | _cCF | ||
| 999 |
_c106592 _d106592 |
||